000 00410nam a2200181Ia 4500
001 17375
003 GE_BSU
008 181216s||||||||xx |||||||||||||| ||und||
020 _a9781405845892
040 _cGE_BSU
080 _a811.111
245 _aTotal English. Students book (CD). Starter
260 _c2007
300 _a152p.
541 _h7Gel.
653 _aTotal English. Students book
942 _cBK
999 _c50431
_d50431